| 000 | 00381nam a22001577a 4500 | ||
|---|---|---|---|
| 003 | OSt | ||
| 008 | 250204b |||||||| |||| 00| 0 eng d | ||
| 020 | _a81-224-019-8 | ||
| 041 | _aeng | ||
| 082 |
_a519.5 _bDAS/ST |
||
| 100 |
_aDas, MN _97058 |
||
| 245 | _aStatistical Methods and Concepts | ||
| 260 |
_aNew Delhi: _bWiley Eastern Limited, _c1989. |
||
| 300 | _a256p. | ||
| 942 | _cBK | ||
| 999 |
_c19284 _d19284 |
||